000 00626nam a2200241 i 4500
001 C2-0331867
003 PPAK
005 20180728132157.0
008 150705s2003 my |||| ||||| | may d
020 _a9832617243
040 _aPPAK
_beng
_cPPAK
_erda
082 0 4 _a899.233
_223
090 0 0 _a899.233
_bRAH
_dKIH
100 0 _aRahman Daud,
_eauthor
245 1 0 _aMenggapai sinar
264 1 _aKuala Lumpur :
_bZebra Editions ,
_c2003
300 _a216 pages ;
_c19 cm
336 _2rdacontent
_atext
337 _2rdamedia
_aunmediated
338 _2rdacarrier
_avolume
650 1 0 _aMalay fiction.
942 _ddc
_cB
999 _c130569
_d130569